000 01115nam a2200301Ia 4500
001 18389
003 IT-RoPAU
008 130308s9999 xx 000 0 und d
040 _aIT-RoPAU
040 _cIT-RoPAU
041 _aFRANCESE
100 _aCorneille Jean-Pierre
100 _gCodice Aut. SPICS: 12721
245 _aLinguistique structurale (La), sa portee, ses limites
245 _bLinguistique Structurale (La), Sa Portee, Ses Limites
250 _a1a ed.
260 _aPARIS
260 _bLarousse
260 _c1976 [1° Ed.:1976 - Ed.Ling.Originale:1976]
300 _a"256 p. (prefazione: no ; testo: 256)"
500 _aLinguistica Strutturale Autonomia della Lingua nella Linguistica Strutturale Rapporti tra Linguaggio e Logica Lingua e Visione del Mondo Hjelmslev e la Struttura Fondamentale del Linguaggio Due Assi e Due Piani del Linguaggio stratificazione del Linguaggio nozione di Struttura nella Linguistica Strutturale Struttura e Senso
650 _aLINGUISTICA
650 _eCodice materia Spics: 3201
942 _cBK
957 _71
999 _c65604
_d65604
999 _bSI
999 _g1